| 000 | 00970cam a2200277 a 4500 | ||
|---|---|---|---|
| 001 | 1073691 | ||
| 003 | OSt | ||
| 005 | 20220713093757.0 | ||
| 008 | 921007s1992 moua b 000 0 eng | ||
| 010 | _a 91076515 | ||
| 020 | _a0882436643 | ||
| 040 |
_aDLC _cDLC |
||
| 050 | 0 | 0 |
_aBS600.2 _bH474T |
| 082 | 0 | 0 |
_a268/.8994 _220 _bH474T |
| 100 | 1 | _aHeld, Ronald G. | |
| 245 | 1 | 0 |
_aTeaching that makes a difference / _cRonald G. Held ; developed and edited by the National Sunday School Department. |
| 260 |
_aSpringfield, Mo. : _bGospel Pub. House, _cc1992. |
||
| 300 |
_a125 p. : _bill. ; _c20 cm. |
||
| 504 | _aIncludes bibliographical references (p. 124-125). | ||
| 630 | 0 | 0 |
_aBible _xStudy and teaching. |
| 650 | 0 | _aChristian education. | |
| 710 | 2 |
_aAssemblies of God. _bNational Sunday School Department. |
|
| 906 |
_a7 _bcbc _corignew _d3 _eopcn _f19 _gy-gencatlg |
||
| 942 |
_2ddc _cBK |
||
| 999 |
_c10907 _d10907 |
||